| 000 | 00339nam a22001337a 4500 | ||
|---|---|---|---|
| 020 | _a9788176222935 | ||
| 082 |
_a638.2 _bAMA/SE |
||
| 100 |
_aAmardev Singh _9956 |
||
| 100 |
_aRavinder Kumar _9957 |
||
| 245 | _aSericulture Handbook- Study Material Book- Part -I | ||
| 260 |
_aNew Delhi _bBiotech Books _c2013 |
||
| 300 | _a373 | ||
| 942 | _cBK | ||
| 999 |
_c14551 _d14551 |
||